000 01138nam a2200217 i 4500
001 162440
003 ES-MaACL
005 20250811063159.0
008 931025s1791 sp a |||| | spa d
100 1 _aPonz, Antonio,
_d1725-1792
_993069
245 1 0 _aViage de España
_b: en que se da noticia de las cosas mas apreciables y dignas de saberse /
_csu autor D. Antonio Ponz ... ; tomo XVI...
260 _aMadrid :
_bpor la Viuda de Joachin Ibarra ...,
_c1791.
300 _a[2], XVIII, 320 p., [2] h. de grab., [2] h. de plan. pleg., [2] h. de grab. pleg. ;
_c8º (16 cm)
505 8 _aTomo XVI trata de Andalucía
596 _aMarca de imp. en port.
597 _aSign.: A8, B2, [ ]1, B3-8, C-K8, L3, [ ]1, L4-8, M8, N7, [ ]1, N2-8, O-S8, T4, [ ]1, T5-8, V8, X2, [ ]1, X3-8, Y2.
599 _aLas [5] h. de grab. son calc., La h. [2], Retrato de Alvaro Bazan, entre p. 146-147, las demás entre p. XVIII y 1., 174 y 175, 276 y 277, 304 y 305.
651 4 _aAndalucía-
_xDescripción.
_97768
852 _aES-MaACL
_jR-468-85
_z-- Enc. piel, no original de la época
_x Olim: F-12859-76
999 _c162440
_d162440